[Event "Mumbai Mayors Cup 1st"]
[Site "Mumbai"]
[Date "2008.05.15"]
[Round "6"]
[White "Sagar, Shah"]
[Black "Prashant, Sakhare"]
[Result "1-0"]
[WhiteElo "2256"]
[BlackElo "1825"]
[PlyCount "58"]
[EventDate "2008.05.11"]
[EventType "swiss"]
[EventRounds "11"]
[EventCountry "IND"]
[SourceTitle "CBM 124 Extra"]
[Source "ChessBase"]
[SourceDate "2008.07.03"]
[SourceVersion "1"]
[SourceVersionDate "2008.07.03"]
[SourceQuality "1"]

1. d4 d5 2. c4 e6 3. Nc3 Nf6 4. cxd5 exd5 5. Bg5 Nbd7 6. e3 c6 7. Bd3 Be7 8. Qc2 0-0 9. Nf3 Re8 10. h3 Nf8 11. 0-0 Nh5 12. Bxe7 Qxe7 13. Ne5 g6 14. Rab1 f6 15. Nf3 f5 16. Rfe1 Qf6 17. b4 Bd7 18. b5 Re7 19. bxc6 Bxc6 20. Qb3 Kg7 21. Nxd5 Bxd5 22. Qxd5 Rd7 23. Rxb7 Rad8 24. Ne5 Rxb7 25. Qxb7+ Kg8 26. Bc4+ Ne6 27. Qc6 Nhg7 28. Rb1 Kh8 29. Rb7 Rf8 1-0